| 000 | 00599nam a22001817a 4500 | ||
|---|---|---|---|
| 999 |
_c190441 _d190441 |
||
| 005 | 20220726112657.0 | ||
| 010 | _aENG-133942 | ||
| 020 |
_a9788192251707 _c380.00 |
||
| 035 | _aEN-117474 | ||
| 037 | _bDBAD/PUB | ||
| 082 | _a323.445 | ||
| 100 | _aKhaneja, S.R. | ||
| 245 |
_aA Practical Handbook on Right To Information Act 2005/ _cS.R. Khaneja |
||
| 260 |
_aNew Delhi _bThe Book Line _c2011 |
||
| 270 |
_a106, 4787/23, Ist Floor Ansari Road, Darya Ganj _bNew Delhi _e110002 _msales@thebooklineonline.com |
||
| 300 |
_axviii, 333p. _c22cm(pbk) |
||
| 942 |
_2ddc _cEN _h323.445 _mKHA |
||